| 000 | 00407cam a22001454a 4500 | ||
|---|---|---|---|
| 020 | _a9992822074 | ||
| 040 | _cDLC | ||
| 082 | _a268 MER 2000 C164 Or. | ||
| 100 | 1 | _aGuruli, Vaxtang. | |
| 245 | 1 | 0 |
_aStalinis didi ekʻsperimentebi : _bmasalebi politikuri portretisatʻvis / |
| 246 | 1 | 5 | _aVelikiĭ ėksperiment Stalina |
| 260 |
_aTʻbilisi : _bMeridiani, _c2000. |
||
| 300 |
_a102 p. ; _c21 cm. |
||
| 942 | _cEK | ||
| 999 |
_c19218 _d19218 |
||